|
|
|
|
| LEADER |
01567nam a2200409Ia 4500 |
| 001 |
EBC688672 |
| 003 |
MiAaPQ |
| 005 |
20200520144314.0 |
| 006 |
m o d | |
| 007 |
cr cn||||||||| |
| 008 |
100112s2010 wiua sb 001 0ceng d |
| 010 |
|
|
|z 2010000375
|
| 020 |
|
|
|z 9780874627497
|
| 020 |
|
|
|z 9780874627756
|
| 020 |
|
|
|z 0874627494
|
| 035 |
|
|
|a (MiAaPQ)EBC688672
|
| 035 |
|
|
|a (Au-PeEL)EBL688672
|
| 035 |
|
|
|a (CaPaEBR)ebr10569664
|
| 035 |
|
|
|a (OCoLC)721195102
|
| 040 |
|
|
|a MiAaPQ
|c MiAaPQ
|d MiAaPQ
|
| 050 |
|
4 |
|a HD6338.2.U5
|b B35 2010
|
| 082 |
0 |
4 |
|a 267/.182092273
|2 22
|
| 100 |
1 |
|
|a Baker, Kimball,
|d 1941-
|
| 245 |
1 |
0 |
|a "Go to the worker"
|h [electronic resource] :
|b America's labor apostles /
|c Kimball Baker.
|
| 260 |
|
|
|a Milwaukee, Wis. :
|b Marquette University Press,
|c c2010.
|
| 300 |
|
|
|a 276 p. :
|b ill.
|
| 490 |
1 |
|
|a Marquette studies in theology ;
|v no. 70
|
| 504 |
|
|
|a Includes bibliographical references (p.[259]-260) and index.
|
| 533 |
|
|
|a Electronic reproduction. Ann Arbor, MI : ProQuest, 2015. Available via World Wide Web. Access may be limited to ProQuest affiliated libraries.
|
| 650 |
|
0 |
|a Labor
|x Religious aspects
|x Catholic Church.
|
| 650 |
|
0 |
|a Church work with the working class
|z United States
|x History.
|
| 650 |
|
0 |
|a Catholics
|z United States
|v Biography.
|
| 650 |
|
0 |
|a Catholic Worker Movement.
|
| 655 |
|
4 |
|a Electronic books.
|
| 710 |
2 |
|
|a ProQuest (Firm)
|
| 830 |
|
0 |
|a Marquette studies in theology ;
|v #70.
|
| 856 |
4 |
0 |
|u https://ebookcentral.proquest.com/lib/matrademy/detail.action?docID=688672
|z Click to View
|